SKYTRAX Top 10 Airlines (2012-2024) - Statistics

General Stats
  • This quiz has been taken 64 times
    17 since last reset
  • The average score is 82 of 130
Answer Stats
Year Rank Airline % Correct
2025 4 Emirates
93%
2024 3 Emirates
93%
2023 4 Emirates
93%
2022 3 Emirates
93%
2021 4 Emirates
93%
2019 5 Emirates
93%
2018 4 Emirates
93%
2017 4 Emirates
93%
2016 1 Emirates
93%
2015 5 Emirates
93%
2014 4 Emirates
93%
2013 1 Emirates
93%
2012 8 Emirates
93%
2025 8 Air France
87%
2024 9 Air France
87%
2023 7 Air France
87%
2022 8 Air France
87%
2021 10 Air France
87%
2025 1 Qatar Airways
87%
2024 1 Qatar Airways
87%
2023 2 Qatar Airways
87%
2022 1 Qatar Airways
87%
2021 1 Qatar Airways
87%
2019 1 Qatar Airways
87%
2018 2 Qatar Airways
87%
2017 1 Qatar Airways
87%
2016 2 Qatar Airways
87%
2015 1 Qatar Airways
87%
2014 2 Qatar Airways
87%
2013 2 Qatar Airways
87%
2012 1 Qatar Airways
87%
2025 2 Singapore Airlines
87%
2024 2 Singapore Airlines
87%
2023 1 Singapore Airlines
87%
2022 2 Singapore Airlines
87%
2021 2 Singapore Airlines
87%
2019 2 Singapore Airlines
87%
2018 1 Singapore Airlines
87%
2017 2 Singapore Airlines
87%
2016 3 Singapore Airlines
87%
2015 2 Singapore Airlines
87%
2014 3 Singapore Airlines
87%
2013 3 Singapore Airlines
87%
2012 3 Singapore Airlines
87%
2019 9 Lufthansa
80%
2018 7 Lufthansa
80%
2017 7 Lufthansa
80%
2016 10 Lufthansa
80%
2014 10 Lufthansa
80%
2025 5 ANA All Nippon Airways
67%
2024 4 ANA All Nippon Airways
67%
2023 3 ANA All Nippon Airways
67%
2022 4 ANA All Nippon Airways
67%
2021 3 ANA All Nippon Airways
67%
2019 3 ANA All Nippon Airways
67%
2018 3 ANA All Nippon Airways
67%
2017 3 ANA All Nippon Airways
67%
2016 5 ANA All Nippon Airways
67%
2015 7 ANA All Nippon Airways
67%
2014 6 ANA All Nippon Airways
67%
2013 4 ANA All Nippon Airways
67%
2012 5 ANA All Nippon Airways
67%
2025 9 Japan Airlines
67%
2024 6 Japan Airlines
67%
2023 5 Japan Airlines
67%
2022 6 Japan Airlines
67%
2021 5 Japan Airlines
67%
2024 8 EVA Air
60%
2023 9 EVA Air
60%
2021 7 EVA Air
60%
2019 6 EVA Air
60%
2018 5 EVA Air
60%
2017 6 EVA Air
60%
2016 8 EVA Air
60%
2015 9 EVA Air
60%
2019 10 Thai Airways
60%
2018 10 Thai Airways
60%
2012 9 Thai Airways
60%
2025 6 Turkish Airlines
60%
2024 7 Turkish Airlines
60%
2023 6 Turkish Airlines
60%
2022 7 Turkish Airlines
60%
2016 7 Turkish Airlines
60%
2015 4 Turkish Airlines
60%
2014 5 Turkish Airlines
60%
2013 9 Turkish Airlines
60%
2012 7 Turkish Airlines
60%
2017 8 Etihad Airways
53%
2016 6 Etihad Airways
53%
2015 6 Etihad Airways
53%
2014 9 Etihad Airways
53%
2013 7 Etihad Airways
53%
2012 6 Etihad Airways
53%
2025 7 Korean Air
53%
2023 10 Korean Air
53%
2022 9 Korean Air
53%
2014 8 Asiana Airlines
40%
2013 5 Asiana Airlines
40%
2012 2 Asiana Airlines
40%
2018 9 Garuda Indonesia
40%
2017 10 Garuda Indonesia
40%
2015 8 Garuda Indonesia
40%
2014 7 Garuda Indonesia
40%
2013 8 Garuda Indonesia
40%
2025 10 Hainan Airlines
40%
2021 9 Hainan Airlines
40%
2019 7 Hainan Airlines
40%
2018 8 Hainan Airlines
40%
2017 9 Hainan Airlines
40%
2012 10 Malaysia Airlines
40%
2024 10 Swiss International Air Lines
33%
2022 10 Swiss International Air Lines
33%
2025 3 Cathay Pacific Airways
27%
2024 5 Cathay Pacific Airways
27%
2023 8 Cathay Pacific Airways
27%
2021 6 Cathay Pacific Airways
27%
2019 4 Cathay Pacific Airways
27%
2018 6 Cathay Pacific Airways
27%
2017 5 Cathay Pacific Airways
27%
2016 4 Cathay Pacific Airways
27%
2015 3 Cathay Pacific Airways
27%
2014 1 Cathay Pacific Airways
27%
2013 6 Cathay Pacific Airways
27%
2012 4 Cathay Pacific Airways
27%
2022 5 Qantas Airways
20%
2021 8 Qantas Airways
20%
2019 8 Qantas Airways
20%
2016 9 Qantas Airways
20%
2015 10 Qantas Airways
20%
2013 10 Qantas Airways
20%
No matching quizzes found
Score Distribution
Percent of People with Each Score
Percentile by Number Answered
Your Score History
You have not taken this quiz since the last reset